000 00228nam a22000857a 4500
999 _c11024
_d11024
008 180725b ||||| |||| 00| 0 eng d
100 _aGrahame Kenneth
_96811
245 _aThe Wind in the Willows
260 _aNew Delhi
_bCampfire
_c2016